Cruzando Fronteras: reflexiones sobre la relevancia de fronteras históricas, simbólicas y casi desaparecidas en América Latina /
El presente volumen reúne seis ensayos en los que sus autores abordan el tema de las fronteras reales, políticas, económicas y simbólicas, y las relaciones transfronterizas entre los países de América Latina. En la coyuntura histórica de nuestros días, de una mayor integración regional económica y p...
Salvato in:
| Autore principale: | |
|---|---|
| Altri autori: | , , , , |
| Natura: | Sconosciuto |
| Pubblicazione: |
Quito:
Abya-Yala
|
| Soggetti: | |
| Tags: |
Aggiungi Tag
Nessun Tag, puoi essere il primo ad aggiungerne!!
|
MARC
| LEADER | 00000 a2200000 04500 | ||
|---|---|---|---|
| 001 | 38260 | ||
| 003 | |||
| 008 | 991231s d | ||
| 040 | |||
| 020 | |a 9978-22-452-1 | ||
| 022 | |a 9978-22-452-1 | ||
| 090 | |a 0001 C957c | ||
| 100 | |a Baund, Michiel | ||
| 245 | |a Cruzando Fronteras: reflexiones sobre la relevancia de fronteras históricas, simbólicas y casi desaparecidas en América Latina / |c Michiel Baund | ||
| 260 | |a Quito: |b Abya-Yala | ||
| 300 | |a 181 p. | ||
| 520 | |a El presente volumen reúne seis ensayos en los que sus autores abordan el tema de las fronteras reales, políticas, económicas y simbólicas, y las relaciones transfronterizas entre los países de América Latina. En la coyuntura histórica de nuestros días, de una mayor integración regional económica y política | ||
| 650 | |a MUJERES | ||
| 650 | |a ECONOMIA | ||
| 650 | |a FRONTERAS | ||
| 650 | |a CULTURA | ||
| 700 | |a Hogenboom, Barbara | ||
| 700 | |a Dijck, Pitou van | ||
| 700 | |a Ouweneel, Arij | ||
| 700 | |a Torres Cisneros, Gustavo | ||
| 700 | |a Ypeij, Annelou | ||
| 999 | |c 13220 |d 13220 | ||



